| 000 | 00712fam a2200265 a 4500 | ||
|---|---|---|---|
| 001 | 1355280 | ||
| 003 | ARRUPE | ||
| 005 | 20140122105544.0 | ||
| 008 | 921103s1993 nyu 000 1 eng | ||
| 010 | _a 92041518 | ||
| 020 |
_a0374231761 : _c$20.00 |
||
| 035 | _a(OCoLC)27010517 | ||
| 035 | _a(OCoLC)ocm27010517 | ||
| 035 | _a(NNC)1355280 | ||
| 040 |
_aDLC _cDLC _dDLC |
||
| 050 | 0 | 0 |
_aPR6061.E784 _bP49 1993 |
| 082 | 0 | 0 |
_a823/.914 _220 |
| 100 | 1 |
_aKerr, Philip. _96888 |
|
| 245 | 1 | 2 |
_aA philosophical investigation / _cPhilip Kerr. |
| 250 | _a1st American ed. | ||
| 260 |
_aNew York : _bFarrar, Straus, Giroux, _c1993. |
||
| 300 |
_a329 p. ; _c24 cm. |
||
| 942 |
_2lcc _cMONOGRAPH |
||
| 999 |
_c119637 _d119637 |
||